[Event "Klaipeda Sea op-A 15th"]
[Site "Klaipeda"]
[Date "2018.07.24"]
[Round "2"]
[White "Kalvaitis, Sigitas"]
[Black "Uogele, Anicetas B"]
[Result "1/2-1/2"]
[WhiteElo "2169"]
[BlackElo "2128"]
[PlyCount "34"]
[EventDate "2018.07.23"]
[EventType "swiss"]
[EventRounds "7"]
[EventCountry "LTU"]
[SourceTitle "CBM 186 Extra"]
[Source "ChessBase"]
[SourceDate "2018.08.24"]
[SourceVersion "1"]
[SourceVersionDate "2018.08.24"]
[SourceQuality "1"]

1. e4 c5 2. Nf3 g6 3. c3 d5 4. exd5 Qxd5 5. d4 Bg7 6. Be3 cxd4 7. cxd4 Nf6 8. Nc3 Qa5 9. Bc4 0-0 10. 0-0 e6 11. Qb3 Nc6 12. a3 Ne7 13. Be2 Qd8 14. Rfe1 b6 15. Ne5 Nfd5 16. Nxd5 exd5 17. Bb5 Be6 1/2-1/2

[Event "Klaipeda Sea op-A 15th"]
[Site "Klaipeda"]
[Date "2018.07.23"]
[Round "1"]
[White "Uogele, Anicetas B"]
[Black "Leclere, Daniel"]
[Result "1/2-1/2"]
[WhiteElo "2128"]
[BlackElo "1649"]
[PlyCount "76"]
[EventDate "2018.07.23"]
[EventType "swiss"]
[EventRounds "7"]
[EventCountry "LTU"]
[SourceTitle "CBM 186 Extra"]
[Source "ChessBase"]
[SourceDate "2018.08.24"]
[SourceVersion "1"]
[SourceVersionDate "2018.08.24"]
[SourceQuality "1"]

1. c4 Nf6 2. Nc3 g6 3. e4 d6 4. d4 Bg7 5. f4 0-0 6. Nf3 Bg4 7. Be3 Bxf3 8. Qxf3 e5 9. 0-0-0 Qe7 10. fxe5 dxe5 11. dxe5 Qxe5 12. Bd4 Qe7 13. e5 Nfd7 14. Nd5 Qg5+ 15. Qe3 Qxe3+ 16. Bxe3 Bxe5 17. Bd4 Na6 18. h4 c6 19. Nc3 Bxd4 20. Rxd4 Nf6 21. g4 Rad8 22. Rf4 Kg7 23. Be2 Nc5 24. Rhf1 Nfd7 25. b4 Ne6 26. R4f2 Ne5 27. b5 cxb5 28. Nxb5 a6 29. Nc3 Nd4 30. Ne4 Nxe2+ 31. Rxe2 Nxc4 32. Nf6 Rd6 33. g5 Rc8 34. Ne8+ Rxe8 35. Rxe8 Rc6 36. Kd1 Rd6+ 37. Kc2 Rc6 38. Kd3 Nd6 1/2-1/2

[Event "Klaipeda Sea op-A 12th"]
[Site "Klaipeda"]
[Date "2015.07.29"]
[Round "3"]
[White "Beinoras, Mindaugas"]
[Black "Uogele, Anicetas B"]
[Result "1-0"]
[WhiteElo "2363"]
[BlackElo "2128"]
[PlyCount "57"]
[EventDate "2015.07.27"]
[EventType "swiss"]
[EventRounds "7"]
[EventCountry "LTU"]
[SourceTitle "CBM 167 Extra"]
[Source "ChessBase"]
[SourceDate "2015.09.14"]
[SourceVersion "1"]
[SourceVersionDate "2015.09.14"]
[SourceQuality "1"]

1. d4 d5 2. c4 dxc4 3. Nf3 Nd7 4. e4 Nb6 5. Ne5 Nf6 6. Nc3 e6 7. Be3 Bb4 8. f3 0-0 9. Nxc4 Qe7 10. a3 Bxc3+ 11. bxc3 Bd7 12. a4 Nxa4 13. Rxa4 b5 14. Ra5 bxc4 15. Bxc4 Rfb8 16. 0-0 c6 17. Bf4 Qd8 18. Qa1 Rb7 19. Ba6 Rb6 20. Bd3 Rb7 21. Bg5 Qc7 22. g3 Be8 23. Bxf6 gxf6 24. Rh5 a5 25. Qc1 Kf8 26. Rxh7 a4 27. e5 fxe5 28. Qg5 f6 29. Qxf6+ 1-0

[Event "IPCA Wch-B 11th"]
[Site "Piestany"]
[Date "2011.07.05"]
[Round "4"]
[White "Uogele, Anicetas B"]
[Black "Chilla, Radoslav"]
[Result "1-0"]
[WhiteElo "2142"]
[BlackElo "1854"]
[PlyCount "137"]
[EventDate "2011.07.02"]
[EventType "swiss"]
[EventRounds "9"]
[EventCountry "SVK"]
[SourceTitle "EXT 2012"]
[Source "ChessBase"]
[SourceDate "2011.11.24"]
[SourceVersion "1"]
[SourceVersionDate "2011.11.24"]
[SourceQuality "1"]

1. c4 c5 2. g3 Nc6 3. Bg2 g6 4. Nc3 Bg7 5. e3 e6 6. Nge2 Nge7 7. d4 cxd4 8. exd4 d5 9. cxd5 Nxd5 10. 0-0 0-0 11. Nxd5 exd5 12. Be3 Be6 13. Qd2 Ne7 14. Rac1 Rc8 15. Rxc8 Nxc8 16. Nf4 Qd7 17. Rc1 Ne7 18. Rc5 b6 19. Rc3 Rc8 20. Qc2 Rc6 21. Rxc6 Qxc6 22. Qxc6 Nxc6 23. Bxd5 Bxd5 24. Nxd5 Bxd4 25. Ne7+ Nxe7 26. Bxd4 Nd5 27. Kf1 a6 28. a4 f5 29. Ke2 Kf7 30. Kd3 Ke6 31. Kc4 Kd6 32. Bg7 Nc7 33. Bf8+ Kc6 34. Bh6 Ne6 35. Be3 b5+ 36. Kb4 bxa4 37. h4 h5 38. Kxa4 Nd8 39. Ka5 Kb7 40. Kb4 Kc6 41. Kc4 Ne6 42. Bd2 Nc5 43. Bb4 Ne4 44. Be1 Kd6 45. Kd4 Ke6 46. f3 Nd6 47. Kc5 Nb5 48. Kb6 Nd4 49. Kxa6 Nxf3 50. Bf2 Ne5 51. b4 Nc4 52. b5 f4 53. gxf4 Kf5 54. b6 Nxb6 55. Bxb6 Kxf4 56. Bd8 Kf5 57. Bg5 Ke6 58. Kb6 Kd6 59. Bc1 Ke6 60. Kc6 Kf6 61. Kd7 Kf7 62. Bg5 Kf8 63. Ke6 Kg7 64. Ke7 Kh8 65. Kf6 Kh7 66. Kf7 Kh8 67. Kxg6 Kg8 68. Kxh5 Kg7 69. Bd8 1-0

[Event "Klaipeda Sea op 07th"]
[Site "Klaipeda"]
[Date "2010.07.30"]
[Round "7"]
[White "Pakalniskis, Romas"]
[Black "Uogele, Anicetas B"]
[Result "0-1"]
[WhiteElo "1951"]
[BlackElo "2163"]
[PlyCount "92"]
[EventDate "2010.07.26"]
[EventType "swiss"]
[EventRounds "9"]
[EventCountry "LTU"]
[SourceTitle "EXT 2012"]
[Source "ChessBase"]
[SourceDate "2011.11.24"]
[SourceVersion "1"]
[SourceVersionDate "2011.11.24"]
[SourceQuality "1"]

1. e4 c5 2. Nf3 g6 3. d4 cxd4 4. Nxd4 Bg7 5. Be2 Nc6 6. c3 Nf6 7. Nd2 0-0 8. 0-0 d5 9. Nxc6 bxc6 10. exd5 cxd5 11. Nb3 a5 12. Nd4 e5 13. Nb5 Rb8 14. a4 Be6 15. Be3 Ne4 16. f3 Nf6 17. Bc5 Re8 18. b4 Bf8 19. Bxf8 Rxf8 20. Qd2 d4 21. cxd4 axb4 22. Qxb4 Nd5 23. Qd2 Nf4 24. Rf2 Qg5 25. Kh1 h6 26. Bf1 Rfd8 27. g3 Nh3 28. Bxh3 Bxh3 29. Qxg5 hxg5 30. dxe5 Rd3 31. Kg1 Rc8 32. Rb2 Rxf3 33. e6 fxe6 34. Rf2 Rb3 35. Rfa2 Rf8 36. Rf2 Rd8 37. Rfa2 e5 38. Kf2 e4 39. Ke1 Bg4 40. Rd2 Re3+ 41. Kf2 Rf3+ 42. Ke1 Rdf8 43. Rda2 e3 44. Ke2 Rxg3+ 45. Kd3 Rh3 46. Re1 e2+ 0-1

[Event "Klaipeda Sea op 07th"]
[Site "Klaipeda"]
[Date "2010.07.26"]
[Round "1"]
[White "Jonkus, Lukas"]
[Black "Uogele, Anicetas B"]
[Result "0-1"]
[WhiteElo "1807"]
[BlackElo "2163"]
[PlyCount "50"]
[EventDate "2010.07.26"]
[EventType "swiss"]
[EventRounds "9"]
[EventCountry "LTU"]
[SourceTitle "EXT 2012"]
[Source "ChessBase"]
[SourceDate "2011.11.24"]
[SourceVersion "1"]
[SourceVersionDate "2011.11.24"]
[SourceQuality "1"]

1. d4 d5 2. c4 dxc4 3. e4 e5 4. d5 Bd6 5. Bxc4 Ne7 6. Nc3 0-0 7. Bg5 h6 8. Bxe7 Qxe7 9. Nge2 a6 10. a4 Nd7 11. 0-0 Nf6 12. Ng3 g6 13. Qd2 Kg7 14. Rae1 Nh7 15. Kh1 Qg5 16. Qxg5 hxg5 17. Rb1 f5 18. Nge2 g4 19. f3 f4 20. fxg4 Bxg4 21. h3 Bd7 22. b4 Nf6 23. b5 Rh8 24. Rf3 g5 25. g4 Bxg4 0-1

[Event "LTU-chT 0910"]
[Site "Lithuania"]
[Date "2010.01.31"]
[Round "6.33"]
[White "Bieliauskas, Marius"]
[Black "Uogele, Anicetas B"]
[Result "1-0"]
[WhiteElo "2119"]
[BlackElo "2183"]
[PlyCount "121"]
[EventDate "2009.11.07"]
[EventType "team-tourn"]
[EventRounds "9"]
[EventCountry "LTU"]
[SourceTitle "EXT 2022"]
[Source "ChessBase"]
[SourceDate "2021.10.06"]
[SourceVersion "1"]
[SourceVersionDate "2021.10.06"]
[SourceQuality "1"]
[WhiteTeam "Kaunas Trys nuliai"]
[BlackTeam "Siauliai Drakonas"]
[WhiteTeamCountry "LTU"]
[BlackTeamCountry "LTU"]

1. d4 c5 2. d5 e5 3. c4 d6 4. e4 Be7 5. Nc3 Bg5 6. Bd3 Bxc1 7. Qxc1 Nh6 8. h3 f5 9. Nge2 0-0 10. Qc2 Na6 11. a3 Nc7 12. exf5 Bxf5 13. Ne4 g6 14. 0-0 Bxe4 15. Bxe4 Qg5 16. b4 b6 17. bxc5 bxc5 18. Rab1 Ne8 19. Qc1 Qxc1 20. Rfxc1 Nf6 21. Nc3 Rab8 22. Bc2 Nf7 23. Kf1 Rb6 24. Rxb6 axb6 25. Rb1 Rb8 26. a4 Nd7 27. Ne4 Kf8 28. Bd1 Ke7 29. Bg4 Ra8 30. Bxd7 Kxd7 31. Rxb6 Rxa4 32. Rb7+ Ke8 33. Nf6+ Kf8 34. Nxh7+ Ke8 35. Nf6+ Kf8 36. Ne4 Ke8 37. Nd2 e4 38. Rb3 Ne5 39. Re3 Ra2 40. Ke2 Rxd2+ 41. Kxd2 Nxc4+ 42. Ke2 Nxe3 43. Kxe3 Ke7 44. Kxe4 Kf6 45. h4 g5 46. hxg5+ Kxg5 47. f4+ Kg6 48. g4 Kf6 49. f5 Kg5 50. Ke3 Kf6 51. Kf4 Kf7 52. g5 Kg7 53. f6+ Kg6 54. Ke4 Kf7 55. Kf5 Kf8 56. g6 Ke8 57. g7 Kf7 58. Kg5 c4 59. Kf4 c3 60. Ke3 c2 61. Kd2 1-0

[Event "Radviliskis op"]
[Site "Radviliskis"]
[Date "2009.07.05"]
[Round "7"]
[White "Uogele, Anicetas B"]
[Black "Kisielius, Raimundas"]
[Result "1/2-1/2"]
[WhiteElo "2166"]
[BlackElo "1990"]
[PlyCount "94"]
[EventDate "2009.07.02"]
[EventType "swiss"]
[EventRounds "7"]
[EventCountry "LTU"]
[SourceTitle "EXT 2023"]
[Source "ChessBase"]
[SourceDate "2022.10.05"]
[SourceVersion "1"]
[SourceVersionDate "2022.10.05"]
[SourceQuality "1"]

1. c4 e5 2. g3 d6 3. Bg2 Nc6 4. Nc3 Be6 5. Nd5 Qd7 6. e3 g6 7. Ne2 Bg7 8. 0-0 Nge7 9. d4 exd4 10. exd4 Nd8 11. Nxe7 Qxe7 12. d5 Bg4 13. f3 Bd7 14. Nd4 0-0 15. Re1 Bxd4+ 16. Kh1 Qf6 17. Bh6 Re8 18. Rxe8+ Bxe8 19. Qe2 Bd7 20. Re1 Ne6 21. dxe6 fxe6 22. Bc1 e5 23. b3 Bc6 24. h4 Rf8 25. Rf1 Qe6 26. Kh2 a6 27. Bh6 Re8 28. Qd3 Qf5 29. Qd2 Bc5 30. b4 Bd4 31. a3 Qe6 32. Qd3 d5 33. Rc1 dxc4 34. Qxc4 Qxc4 35. Rxc4 Bb6 36. g4 Bd5 37. Rc3 c6 38. Be3 Bc7 39. Kg3 Kf7 40. a4 Bd6 41. Bc5 Ke7 42. Re3 Kd7 43. Bf1 Bc7 44. a5 Bd6 45. Bd3 Rf8 46. Be4 Rf4 47. Rd3 Bxc5 1/2-1/2

[Event "Radviliskis op"]
[Site "Radviliskis"]
[Date "2009.07.04"]
[Round "6"]
[White "Narmontas, Matas"]
[Black "Uogele, Anicetas B"]
[Result "0-1"]
[WhiteElo "2384"]
[BlackElo "2166"]
[PlyCount "114"]
[EventDate "2009.07.02"]
[EventType "swiss"]
[EventRounds "7"]
[EventCountry "LTU"]
[SourceTitle "EXT 2023"]
[Source "ChessBase"]
[SourceDate "2022.10.05"]
[SourceVersion "1"]
[SourceVersionDate "2022.10.05"]
[SourceQuality "1"]

1. e4 c5 2. Nf3 g6 3. d4 cxd4 4. c3 d3 5. Bxd3 Bg7 6. 0-0 Nc6 7. c4 d6 8. h3 Nf6 9. Nc3 0-0 10. Be3 Nd7 11. Rc1 Nde5 12. Be2 f5 13. exf5 gxf5 14. Qd2 Nxf3+ 15. Bxf3 e5 16. Bg5 Qd7 17. Bd5+ Kh8 18. Nb5 f4 19. f3 Qf5 20. Bh4 Qh5 21. Be1 Rf6 22. Be4 Rh6 23. Nxd6 Bxh3 24. gxh3 Nd4 25. c5 Rg8 26. Bd5 Rf8 27. Qh2 e4 28. Nf7+ Rxf7 29. Bxf7 Qxf7 30. fxe4 Qg6+ 31. Qg2 Ne2+ 32. Kh2 Qxg2+ 33. Kxg2 Nxc1 34. Bf2 Bxb2 35. Rd1 f3+ 36. Kg3 Be5+ 37. Kxf3 Rxh3+ 38. Kg4 Nd3 39. Bh4 Re3 40. Kf5 Kg8 41. Rg1+ Kf7 42. Rf1 Bd4 43. Bg5 Re1 44. Rf3 Nxc5 45. Bf4 Bg7 46. e5 Ne6 47. Rd3 Nxf4 48. Rd7+ Kg8 49. Rd8+ Bf8 50. Kxf4 Rf1+ 51. Ke4 Rf7 52. e6 Re7 53. Kf5 h5 54. Kf6 h4 55. Rd5 h3 56. Rg5+ Rg7 57. Rh5 Be7+ 0-1

[Event "Radviliskis op"]
[Site "Radviliskis"]
[Date "2009.07.04"]
[Round "5"]
[White "Uogele, Anicetas B"]
[Black "Narmontas, Raimondas"]
[Result "0-1"]
[WhiteElo "2166"]
[BlackElo "2158"]
[PlyCount "100"]
[EventDate "2009.07.02"]
[EventType "swiss"]
[EventRounds "7"]
[EventCountry "LTU"]
[SourceTitle "EXT 2023"]
[Source "ChessBase"]
[SourceDate "2022.10.05"]
[SourceVersion "1"]
[SourceVersionDate "2022.10.05"]
[SourceQuality "1"]

1. c4 e5 2. g3 f5 3. Nc3 Nf6 4. e3 Nc6 5. Bg2 Bb4 6. Nd5 Nxd5 7. cxd5 Ne7 8. Ne2 0-0 9. 0-0 d6 10. a3 Ba5 11. d4 Bb6 12. dxe5 dxe5 13. Qb3 Kh8 14. Bd2 Ng6 15. Kh1 Qe8 16. Rac1 Bd7 17. f4 Bb5 18. Rfe1 Bxe2 19. Rxe2 exf4 20. Rce1 fxg3 21. Bb4 Rf6 22. Bc3 Ne5 23. Bxe5 Qxe5 24. Qc3 Qxc3 25. bxc3 gxh2 26. e4 fxe4 27. Rxe4 Bc5 28. a4 Bd6 29. c4 Raf8 30. c5 Bxc5 31. Kxh2 Rh6+ 32. Bh3 g5 33. Kg2 Rf2+ 34. Kg3 Rd2 35. Rh1 Rxd5 36. Re8+ Kg7 37. Bg2 Rd3+ 38. Kg4 Rd4+ 39. Kf5 Rxa4 40. Bxb7 Rxh1 41. Bxh1 h6 42. Be4 Bd6 43. Re6 Ra5+ 44. Kg4 Re5 45. Rxe5 Bxe5 46. Kf5 Bd4 47. Bc6 Kf7 48. Kg4 Ke6 49. Kh5 Kd6 50. Bf3 a5 0-1

[Event "Radviliskis op"]
[Site "Radviliskis"]
[Date "2009.07.03"]
[Round "3"]
[White "Uogele, Anicetas B"]
[Black "Vaitonis, Vytautas"]
[Result "1-0"]
[WhiteElo "2166"]
[BlackElo "2032"]
[PlyCount "79"]
[EventDate "2009.07.02"]
[EventType "swiss"]
[EventRounds "7"]
[EventCountry "LTU"]
[SourceTitle "EXT 2023"]
[Source "ChessBase"]
[SourceDate "2022.10.05"]
[SourceVersion "1"]
[SourceVersionDate "2022.10.05"]
[SourceQuality "1"]

1. c4 e5 2. g3 Nf6 3. Bg2 d5 4. cxd5 Nxd5 5. Nf3 Nc6 6. 0-0 Be7 7. d4 exd4 8. Nxd4 Nxd4 9. Qxd4 Nf6 10. Qa4+ c6 11. Rd1 Qb6 12. Be3 Bc5 13. Bxc5 Qxc5 14. Nc3 0-0 15. Ne4 Nxe4 16. Bxe4 Be6 17. Qc2 Qxc2 18. Bxc2 Rad8 19. f4 f6 20. a3 c5 21. Kf2 g6 22. Rac1 Kf7 23. e4 Ke7 24. Ke3 Rxd1 25. Bxd1 b6 26. Be2 a5 27. h4 Rd8 28. g4 Rd4 29. Bf3 Bb3 30. g5 Rc4 31. gxf6+ Kxf6 32. Rg1 Rc2 33. e5+ Ke7 34. Rf1 h6 35. Be4 Rxb2 36. Bxg6 Bd5 37. f5 Rb3+ 38. Kf4 c4 39. Bh5 Rxa3 40. Bg4 1-0

[Event "Radviliskis op"]
[Site "Radviliskis"]
[Date "2009.07.02"]
[Round "1"]
[White "Uogele, Anicetas B"]
[Black "Steponavicius, Algimantas"]
[Result "1-0"]
[WhiteElo "2166"]
[BlackElo "1790"]
[PlyCount "119"]
[EventDate "2009.07.02"]
[EventType "swiss"]
[EventRounds "7"]
[EventCountry "LTU"]
[SourceTitle "EXT 2023"]
[Source "ChessBase"]
[SourceDate "2022.10.05"]
[SourceVersion "1"]
[SourceVersionDate "2022.10.05"]
[SourceQuality "1"]

1. c4 e6 2. g3 d5 3. Bg2 Nf6 4. Nf3 c6 5. b3 Nbd7 6. 0-0 e5 7. cxd5 cxd5 8. Bb2 Bd6 9. Nc3 0-0 10. Nb5 Bb8 11. Ba3 Re8 12. Nd6 Bxd6 13. Bxd6 Qb6 14. Ba3 e4 15. Ne1 Ne5 16. Bb2 Qd6 17. Nc2 Bd7 18. Nd4 Rac8 19. a4 a6 20. Rc1 Rxc1 21. Qxc1 Rc8 22. Qa1 Nc6 23. Rc1 Nxd4 24. Rxc8+ Bxc8 25. Bxd4 Qc6 26. Qb2 Ne8 27. f3 f5 28. Kf2 Kf7 29. Be3 Bd7 30. Qe5 Qd6 31. Qd4 Bc6 32. Bh3 Bd7 33. d3 Ke7 34. Qa7 Qc6 35. Qb8 h6 36. dxe4 fxe4 37. Qe5+ Kd8 38. Bxd7 Kxd7 39. fxe4 dxe4 40. Bc5 Qf6+ 41. Qxf6 Nxf6 42. Bf8 g6 43. Ke3 h5 44. Kd4 Ke6 45. Bg7 Nd7 46. a5 Kd6 47. Bh6 Kc6 48. b4 Nf6 49. Bg5 Nd5 50. Kxe4 Kd6 51. Bd2 Nf6+ 52. Kd4 Ng4 53. h3 Nf2 54. h4 Ng4 55. e4 Nh2 56. e5+ Ke6 57. Bf4 Nf3+ 58. Kc5 Nxe5 59. Bxe5 Kxe5 60. Kb6 1-0

[Event "Warsaw AIG Life rapid 7th"]
[Site "Warsaw"]
[Date "2007.12.15"]
[Round "2"]
[White "Flores, Diego"]
[Black "Uogele, Anicetas B"]
[Result "1-0"]
[WhiteElo "2566"]
[BlackElo "2151"]
[PlyCount "65"]
[EventDate "2007.12.15"]
[EventType "swiss (rapid)"]
[EventRounds "13"]
[EventCountry "POL"]
[SourceTitle "CBM 121 Extra"]
[Source "ChessBase"]
[SourceDate "2008.01.10"]
[SourceVersion "1"]
[SourceVersionDate "2008.01.10"]
[SourceQuality "1"]

1. c4 c5 2. Nc3 g6 3. g3 Bg7 4. Bg2 Nc6 5. a3 e6 6. b4 cxb4 7. axb4 Nxb4 8. Ba3 Nc6 9. Nb5 Nge7 10. Bd6 Qb6 11. Nc7+ Kf8 12. c5 Qb4 13. Ra4 Qb2 14. Nxa8 Nd4 15. Rxd4 Bxd4 16. Nf3 Bf6 17. 0-0 Kg7 18. e4 e5 19. d4 Nc6 20. Nc7 exd4 21. Nd5 b6 22. cxb6 axb6 23. Nxf6 Kxf6 24. e5+ Kg7 25. Ng5 h6 26. Nxf7 Re8 27. Qf3 Re6 28. Bh3 Qc3 29. Qf4 Rxd6 30. Nxd6 d3 31. Qf7+ Kh8 32. Qf8+ Kh7 33. Nf7 1-0

[Event "Panevezys op 20th"]
[Site "Panevezys"]
[Date "2007.08.19"]
[Round "2"]
[White "Uogele, Anicetas B"]
[Black "Novikovas, Anatolijus"]
[Result "1/2-1/2"]
[WhiteElo "2172"]
[BlackElo "1887"]
[PlyCount "119"]
[EventDate "2007.08.18"]
[EventType "swiss"]
[EventRounds "9"]
[EventCountry "LTU"]
[SourceTitle "CBM 119 Extra"]
[Source "ChessBase"]
[SourceDate "2007.09.04"]
[SourceVersion "1"]
[SourceVersionDate "2007.09.04"]
[SourceQuality "1"]

1. c4 c5 2. g3 e6 3. Bg2 d5 4. Nf3 Nc6 5. 0-0 Nf6 6. b3 Be7 7. Bb2 0-0 8. e3 Qc7 9. Nc3 a6 10. Rc1 d4 11. Ne2 e5 12. exd4 exd4 13. d3 Bd6 14. Qd2 h6 15. a3 Rb8 16. b4 b6 17. b5 Na5 18. Rc2 Bb7 19. Qd1 axb5 20. cxb5 Qd7 21. a4 Bd5 22. Nc1 Rfe8 23. Re1 Ra8 24. Rxe8+ Qxe8 25. Re2 Qd7 26. Ne5 Bxe5 27. Rxe5 Bxg2 28. Kxg2 Nb7 29. Qf3 Rxa4 30. Qc6 Qxc6+ 31. bxc6 Nd6 32. Ne2 Ra7 33. Bxd4 cxd4 34. Nxd4 Rc7 35. Kf3 Kf8 36. h3 g6 37. Ke2 Nc8 38. Rb5 Ng8 39. Rd5 Ke8 40. f4 Nge7 41. Re5 Kf8 42. Re4 Nxc6 43. Nb5 Re7 44. Kf3 Rxe4 45. dxe4 Ke7 46. e5 N8a7 47. Nc3 Ke6 48. Ke4 b5 49. g4 Ne7 50. Ne2 Nac6 51. f5+ gxf5+ 52. gxf5+ Kd7 53. Nf4 b4 54. Nd3 Na5 55. Nxb4 Nc4 56. Nd3 Nd2+ 57. Kf4 Nd5+ 58. Kg4 Ne3+ 59. Kf4 Nd5+ 60. Kg4 1/2-1/2

[Event "Baltija Cup op 4th"]
[Site "Palanga"]
[Date "2007.06.19"]
[Round "7"]
[White "Somova, Nadezda"]
[Black "Uogele, Anicetas B"]
[Result "1-0"]
[WhiteElo "1963"]
[BlackElo "2184"]
[PlyCount "76"]
[EventDate "2007.06.16"]
[EventType "swiss"]
[EventRounds "8"]
[EventCountry "LTU"]
[SourceTitle "EXT 2022"]
[Source "ChessBase"]
[SourceDate "2021.10.06"]
[SourceVersion "1"]
[SourceVersionDate "2021.10.06"]
[SourceQuality "1"]

1. e4 c5 2. Nf3 g6 3. c3 Bg7 4. d4 Qc7 5. Be2 d6 6. 0-0 Nf6 7. e5 dxe5 8. Nxe5 0-0 9. Bf4 Nd5 10. Bg3 Qd8 11. dxc5 Nc6 12. Nc4 Be6 13. Nbd2 f5 14. f4 b5 15. cxb6 axb6 16. Bf3 b5 17. Qe2 Bf7 18. Ne3 Qb6 19. Bxd5 Bxd5 20. Bf2 Qd8 21. Qxb5 Ra5 22. Qe2 Bf7 23. Nb3 Ra8 24. Rfd1 Qb8 25. Nd5 Ra4 26. Nc5 Re4 27. Nxe4 fxe4 28. Qxe4 Qxb2 29. Bd4 Nxd4 30. cxd4 Rd8 31. Nxe7+ Kh8 32. Rab1 Qxa2 33. d5 Bf6 34. Kh1 Rd6 35. Rb8+ Kg7 36. Rb7 Qa6 37. Rdb1 Qa2 38. Qb4 Qa6 1-0

[Event "IPCA Wch-B 8th"]
[Site "Wisla"]
[Date "2007.05.20"]
[Round "6"]
[White "Uogele, Anicetas B"]
[Black "Koper, Ireneusz"]
[Result "0-1"]
[WhiteElo "2184"]
[BlackElo "2036"]
[PlyCount "144"]
[EventDate "2007.05.15"]
[EventType "swiss"]
[EventRounds "9"]
[EventCountry "POL"]
[SourceTitle "EXT 2011"]
[Source "ChessBase"]
[SourceDate "2010.11.26"]
[SourceVersion "1"]
[SourceVersionDate "2010.11.26"]
[SourceQuality "1"]

1. c4 Nf6 2. g3 g6 3. Bg2 Bg7 4. Nc3 0-0 5. d4 d6 6. e3 Nc6 7. Nge2 a6 8. 0-0 Rb8 9. Rb1 Bd7 10. b4 b5 11. cxb5 axb5 12. Qd3 Na7 13. Bb2 c6 14. Rfc1 Nc8 15. d5 c5 16. bxc5 dxc5 17. Ne4 Nxe4 18. Bxg7 Kxg7 19. Bxe4 Nd6 20. Rxc5 Ra8 21. Nc3 Ra3 22. Qd4+ Kg8 23. Bd3 Qa5 24. Bf1 Nb7 25. Rcxb5 Bxb5 26. Rxb5 Qxc3 27. Qxc3 Rxc3 28. Rxb7 Rd8 29. e4 Kf8 30. Bb5 Ra3 31. Bc4 Ra4 32. Rc7 Rb8 33. e5 Rb1+ 34. Kg2 Rc1 35. Rc8+ Kg7 36. Bb3 Rxc8 37. Bxa4 Kf8 38. Bb3 Rc3 39. f4 Ke8 40. g4 f6 41. exf6 exf6 42. g5 fxg5 43. fxg5 Ke7 44. h4 Kd6 45. Kh2 Ke5 46. Kg2 Rd3 47. Kf2 Rh3 48. d6 Kxd6 49. Bg8 Rxh4 50. Kg3 Rh1 51. Kf4 Ke7 52. Kg4 Kf8 53. Bc4 Rc1 54. Bb3 Rc3 55. Kf4 Kg7 56. Kg4 h6 57. gxh6+ Kxh6 58. Be6 Re3 59. Bd5 Rd3 60. Bc6 Ra3 61. Bd5 Ra4+ 62. Kg3 Kg5 63. Bb3 Rd4 64. Bf7 Rd3+ 65. Kf2 Kf5 66. Ke2 Rd7 67. Bb3 Kf4 68. a4 g5 69. Bc4 g4 70. a5 g3 71. a6 g2 72. Kf2 Rd2+ 0-1

[Event "LTU-ch"]
[Site "Vilnius"]
[Date "2000.03.28"]
[Round "4"]
[White "Uogele, Anicetas B"]
[Black "Sulskis, Sarunas"]
[Result "0-1"]
[WhiteElo "2242"]
[BlackElo "2499"]
[PlyCount "96"]
[EventDate "2000.03.25"]
[EventType "swiss"]
[EventRounds "9"]
[EventCountry "LTU"]
[SourceTitle "CBM 075 Extra"]
[Source "ChessBase"]
[SourceDate "2000.05.11"]
[SourceVersion "2"]
[SourceVersionDate "2000.05.11"]
[SourceQuality "1"]

1. c4 c5 2. Nf3 Nc6 3. d4 cxd4 4. Nxd4 Qb6 5. e3 g6 6. Nc3 Bg7 7. Nd5 Qd8 8. Nb5 Kf8 9. Be2 a6 10. Nd4 d6 11. 0-0 Bd7 12. b3 Nh6 13. Bb2 Nf5 14. Qd2 Ncxd4 15. exd4 h5 16. Ne3 Kg8 17. Bf3 Rb8 18. Be4 e6 19. Rae1 Qf6 20. Nc2 Kh7 21. Ba3 d5 22. cxd5 Bb5 23. dxe6 Bxf1 24. Kxf1 fxe6 25. d5 exd5 26. Qxd5 Rhd8 27. Qa5 Re8 28. f3 Rbc8 29. Bc5 Rxe4 30. Rxe4 b6 31. Qxb6 Qxb6 32. Bxb6 Rxc2 33. Ra4 Rc6 34. Ba7 Nd6 35. g4 Be5 36. f4 Bb2 37. h3 Nb5 38. Be3 Re6 39. Bf2 Rc6 40. Re4 Bf6 41. Ra4 Kg7 42. g5 Be7 43. Re4 Kf7 44. a4 Nd6 45. Rd4 Rc3 46. b4 Rxh3 47. f5 Nxf5 48. Rd7 Rb3 0-1